Pearson IIT Foundation Biology/ (Record no. 200779)

MARC details
000 -LEADER
fixed length control field 00653nam a22001937a 4500
005 - DATE AND TIME OF LATEST TRANSACTION
control field 20240215124240.0
010 ## - LCCN (DPL NO)
LC control number ENG-139260
020 ## - INTERNATIONAL STANDARD BOOK NUMBER
Terms of availability 559.00
International Standard Book Number 9788119847594
035 ## - SYSTEM CONTROL NUMBER
System control number EN-122792
037 ## - SOURCE OF ACQUISITION
Source of stock number/acquisition DBAD/PUB
082 ## - DEWEY DECIMAL CLASSIFICATION NUMBER
Classification number 574
Edition number 6
245 ## - TITLE STATEMENT
Title Pearson IIT Foundation Biology/
250 ## - EDITION STATEMENT
Edition statement 6
260 ## - PUBLICATION, DISTRIBUTION, ETC. (IMPRINT)
Place of publication, distribution, etc Uttar Pradesh
Name of publisher, distributor, etc Pearson India Education Pvt Ltd
Date of publication, distribution, etc 2023
270 ## - ADDRESS
City Uttar Pradesh
Address 15th FLoor, Tower-B, World Trade Tower, Plot No.1, Block- C, Sector-16, Noida
Postal code 201301
300 ## - PHYSICAL DESCRIPTION
Extent vpp.
Dimensions 28cm(pb)
Other physical details Index
500 ## - GENERAL NOTE
General note As Per CBSE, ICSE and State Curriculam Guidelines for Class 9th
942 ## - ADDED ENTRY ELEMENTS (KOHA)
Source of classification or shelving scheme Dewey Decimal Classification
Item type English Books
Classification part 574
Call number suffix BIO
Edition 6
Holdings
Withdrawn status Lost status Not for loan Collection code Home library Current library Date acquired Source of acquisition Cost, normal purchase price Full call number Barcode Copy number Cost, replacement price Koha item type
      Non-fiction Peshwa Road Peshwa Road 15/02/2024 DBAD/PUB 559.00 574 BIO EN-122792 1 559.00 English Books

© Delhi Public Library
Hit Counter
free hit counter